The dragon can't dance /

Bibliographic Details
Main Author: Lovelace, Earl, 1935-
Format: Book
Language:English
Published: Harlow, Essex : Longman, 1981
Series:Longman drumbeat ; 26.

MARC

Tag First Indicator Second Indicator Subfields
LEADER 00000cam a2200000 a 4500
001 in00000083800
005 20170505112730.0
008 820304c19811979enk 00011 eng d
020 |a 0582642310 
035 |a (OCoLC)08214134 
035 |9 AAJ0265AM 
040 |a GZM  |c GZM  |d TXA  |d UtOrBLW 
049 |a TXAM  |c [1406932] 
050 4 |a PR9272.9.L6  |b D7 1981 
090 |a PR9272.9.L6  |b D78 1981 
100 1 |a Lovelace, Earl,  |d 1935- 
245 1 4 |a The dragon can't dance /  |c Earl Lovelace. 
264 1 |a Harlow, Essex :  |b Longman,  |c 1981 
264 4 |c ©1979 
300 |a 240 pages ;  |c 18 cm. 
336 |a text  |b txt  |2 rdacontent 
337 |a unmediated  |b n  |2 rdamedia 
338 |a volume  |b nc  |2 rdacarrier 
490 1 |a Longman drumbeat ;  |v 26 
830 0 |a Longman drumbeat ;  |v 26. 
999 |a MARS 
999 f f |s 0c094113-fd2d-3e90-82b5-295130acd5d4  |i e9dcee82-1863-30c1-92c9-7ce25ae09568  |t 0 
952 f f |p normal  |a Texas A&M University  |b College Station  |c Sterling C. Evans Library  |d Evans: Library Stacks  |t 0  |e PR9272.9.L6 D78 1981  |h Library of Congress classification  |i unmediated -- volume  |m A14806197713 
998 f f |a PR9272.9.L6 D78 1981  |t 0  |l Evans: Library Stacks